000 00301nam a22001337a 4500
008 170202b xxu||||| |||| 00| 0 eng d
020 _a9780071442121
041 _aeng
080 _a61
100 _a3
101 _aSHM
245 _aEMERGENCY MEDICINE DECISION MAKING
_cWEINGART, S
942 _2udc
_cBK
999 _c4240
_d4240